| 000 | 00824nam a2200253Ia 4500 | ||
|---|---|---|---|
| 005 | 20220316235539.0 | ||
| 008 | 121119s1996 mx a gr 000 0 spa | ||
| 020 | _a9701502108 | ||
| 041 | 0 | _aspa | |
| 082 | 0 | 4 |
_a621.312133 _bM17E |
| 100 | 1 | _aMartí Parera, Alberto | |
| 245 | 1 | 0 |
_aEncendido electrónico _cAlbert Martí Parera |
| 250 | _aPrimera edición | ||
| 300 |
_a101 páginas _bilustraciones |
||
| 650 | 1 | 4 |
_aMotores de combustión interna _xDiseño y construcción _vManuales _2LEMB |
| 650 | 1 | 4 |
_aBujías (Motores) _2LEMB |
| 650 | 1 | 4 |
_aAutomóviles _xInstalaciones eléctricas _2LEMB |
| 942 |
_2ddc _cBK |
||
| 264 |
_aMéxico _bAlfaomega _c1996 |
||
| 336 |
_atexto _btxt _2rdacontent |
||
| 337 |
_asin mediación _bn _2rdamedia |
||
| 338 |
_avolumen _bnc _2rdacarrier |
||
| 040 |
_aCO-BoRNBP _bspa _erda _cCO-BoRNBP |
||
| 999 |
_c1312 _d1312 |
||